|
|
|
|
| LEADER |
00000nam0a2200000 4500 |
| 001 |
155769 |
| 005 |
20231101221847.0 |
| 010 |
|
|
|a 9785811401239
|
| 035 |
|
|
|a (RuTPU)RU\TPU\book\168949
|
| 035 |
|
|
|a RU\TPU\book\60745
|
| 035 |
|
|
|a RU\TPU\book\90497
|
| 090 |
|
|
|a 155769
|
| 100 |
|
|
|a 20051026d2009 m y0rusy50 ca
|
| 101 |
0 |
|
|a rus
|
| 102 |
|
|
|a RU
|
| 105 |
|
|
|a a j 000zy
|
| 200 |
1 |
|
|a Краткий курс высшей математики
|e учебное пособие
|f И. П. Натансон
|
| 205 |
|
|
|a 10-е изд., стер.
|
| 210 |
|
|
|a СПб.
|c Лань
|d 2009
|
| 215 |
|
|
|a 736 с.
|c ил.
|
| 225 |
1 |
|
|a Классическая учебная литература по математике
|
| 225 |
1 |
|
|a Учебники для вузов. Специальная литература
|
| 330 |
|
|
|a Книга выдающегося педагога и ученого, проф. И. П. Натансона «Краткий курс высшей математики» содержит разделы, посвященные аналитической геометрии, математическому анализу, кратко описываются обыкновенные дифференциальные уравнения. Учебное пособие предназначено для студентов вузов, обучающихся по техническим специальностям.
|
| 451 |
|
1 |
|0 (RuTPU)RU\TPU\book\60745
|y 5-8114-0123-X
|t Краткий курс высшей математики
|o учебник
|f И. П. Натансон
|e 6-е изд., стер.
|c СПб.
|n Лань
|d 2003
|p 727 с.
|s Учебники для вузов. Специальная литература
|a Натансон, Исидор Павлович
|
| 606 |
1 |
|
|a Математика высшая
|2 stltpush
|3 (RuTPU)RU\TPU\subj\3986
|9 32308
|
| 610 |
1 |
|
|a аналитическая геометрия
|
| 610 |
1 |
|
|a плоскости
|
| 610 |
1 |
|
|a переменные
|
| 610 |
1 |
|
|a пределы
|
| 610 |
1 |
|
|a функции
|
| 610 |
1 |
|
|a производные
|
| 610 |
1 |
|
|a дифференциалы
|
| 610 |
1 |
|
|a формула Тейлора
|
| 610 |
1 |
|
|a дифференциальная геометрия
|
| 610 |
1 |
|
|a неопределенные интегралы
|
| 610 |
1 |
|
|a определенные интегралы
|
| 610 |
1 |
|
|a определители
|
| 610 |
1 |
|
|a векторы
|
| 610 |
1 |
|
|a пространства
|
| 610 |
1 |
|
|a функции нескольких переменных
|
| 610 |
1 |
|
|a дифференциальные уравнения
|
| 610 |
1 |
|
|a двойные интегралы
|
| 610 |
1 |
|
|a тройные интегралы
|
| 610 |
1 |
|
|a криволинейные интегралы
|
| 610 |
1 |
|
|a бесконечные ряды
|
| 610 |
1 |
|
|a ряды Фурье
|
| 610 |
1 |
|
|a учебники
|
| 675 |
|
|
|a 51(075.8)
|v 3
|
| 700 |
|
1 |
|a Натансон
|b И. П.
|g Исидор Павлович
|
| 801 |
|
1 |
|a RU
|b 63413507
|c 20090319
|g PSBO
|
| 801 |
|
2 |
|a RU
|b 63413507
|c 20201127
|g PSBO
|
| 942 |
|
|
|c BK
|
| 959 |
|
|
|a 37/20090319
|d 22
|e 394,24
|f АНЛ:1
|f ЧЗТЛ:1
|f УФ:10
|f Ф_ТПУ_Новокузнецк:10
|
| 959 |
|
|
|a 122/20091214
|d 15
|e 440,00
|f УФ:15
|